000 00716nam a2200241Ia 4500
003 OSt
005 20221006142354.0
006 a|||||r|||| 00| 0
007 ta
008 221006b |||||||| |||| 00| 0 eng d
024 _a6,212
037 _bGift, Japan Foundation
_cTextual
040 _aEASL
_cEASL
_beng
041 _2eng
_aeng
082 _aO42,2K53w, L4
100 _aJAPAN NATIONAL COMMISSION FOR UNESCO
_9636793
245 0 _aChikamatsu Monzaemon 1653-1724
260 _aJapan
_bJapan Foundation
_c1974
300 _a40p.
_ccm.
490 _v JEL
942 _hO42,2K53w, L4
_cTEXL
_2CC
999 _c1074298
_d1074298